000 00255nam a2200109Ia 4500
008 220204s9999 xx 000 0 und d
082 _a678.664
_bHEA
245 0 _aPolyurethane foams
260 _aLondon
_bIliffe
_c1964
700 _aHealy, T T
942 _cBK
999 _c22452
_d22452